Šéf firmy a krizová komunikace

Problém nezvládnutia krízovej komunikácie manažérom. Komunikačná a psychologická stránka krízovej komunikácie. Príklad ťažobnej spoločnosti BP v Mexickom zálive. Sústredenie firmy na zvládnutie krízovej situácie. Úloha tlačového hovorcu v kontakte s médiami. Komunikácia so zamestnancami a nátlakovým...

Celý popis

Uložené v:
Podrobná bibliografia
Hlavný autor: Chalupa, Radek
Médium: Kapitola
Jazyk:Czech
Predmet:
Tagy: Pridať tag
Žiadne tagy, Buďte prvý, kto otaguje tento záznam!

MARC

LEADER 00000naa a2200000 4500
001 0210002
005 20231211122453.0
041 0 |a cze 
044 |a CZ 
245 1 0 |a Šéf firmy a krizová komunikace  |c Radek Chalupa 
520 |a Problém nezvládnutia krízovej komunikácie manažérom. Komunikačná a psychologická stránka krízovej komunikácie. Príklad ťažobnej spoločnosti BP v Mexickom zálive. Sústredenie firmy na zvládnutie krízovej situácie. Úloha tlačového hovorcu v kontakte s médiami. Komunikácia so zamestnancami a nátlakovými skupinami. Príprava ako kľúč k úspechu. 
610 2 0 |a manažéri 
610 2 0 |a riadenie 
610 2 0 |a komunikácia 
610 2 0 |a médiá 
610 2 0 |a práca s verejnosťou 
610 2 0 |a kríza 
100 1 |a Chalupa, Radek